000 00475nam a2200169Ia 4500
003 GCL
008 140319s9999 xx 000 0 ara d
040 _aGCL /
_cGCL
082 0 4 _aد
_b050
_bهـ ق
100 1 _aالهيئة المصرية العامة للكتاب
245 1 0 _aالقاهرة /
_cالهيئة المصرية العامة للكتاب
300 _a45 ص
650 0 4 _aالادب
650 0 4 _aالفن
650 0 4 _aالدوريات
942 _2ddc
_cBK
999 _c27427
_d27427